| 000 | 00916nam a22002177a 4500 | ||
|---|---|---|---|
| 003 | BD-DhUL | ||
| 005 | 20181106102758.0 | ||
| 008 | 161016s19842016ii |||| |||| 000 0 ben | ||
| 020 | _a8185325146 | ||
| 040 |
_aBD-DhUL _cBD-DhUL |
||
| 082 |
_a615.32 _bCHA |
||
| 245 | 0 | 0 |
_aচরক-সংহিতা : _bখণ্ড ২ / _cসম্পাদক ব্রজেন্দ্রচন্দ্র নাগ । |
| 260 |
_aকলিকাতা : _bনবপত্র, _c১৯৮৪ (২০১৬) |
||
| 300 |
_aখ. ; _c২২ সেমি. |
||
| 365 |
_aIRS _b200.00 |
||
| 505 | _aসূচী: খ. ২। নিদান:বিমান/শারীর:ইন্দিয় । | ||
| 650 | 0 | _aআয়ুর্বেদী ঔষধ । | |
| 650 | 0 | _aAyurvedic medicine . | |
| 700 | 1 |
_aনাগ, ব্রজেন্দ্রচন্দ্র । _eসম্পাদক |
|
| 942 |
_2ddc _cBK |
||
| 999 |
_c109077 _d109077 |
||